书目信息 |
| 题名: |
植物生长调控技术在园艺中的应用
|
|
| 作者: | 张英 编著 | |
| 分册: | ||
| 出版信息: | 中国轻工 2009.01 |
|
| 页数: | 272页 | |
| 开本: | 20cm | |
| 丛书名: | ||
| 单 册: | ||
| 中图分类: | S482.8 | |
| 科图分类: | ||
| 主题词: | 植物--灾害--农药防治 , 植物--灾害--化学防治 | |
| 电子资源: | ||
| ISBN: | 978-7-5019-6718-6 | |
| 000 | 00668nam0 2200241 45 | |
| 001 | 0956733404 | |
| 005 | 20091021154608.35 | |
| 010 | @a978-7-5019-6718-6@dCNY34.00 | |
| 100 | @a20090515d2009 ekmy0 y0120 ea | |
| 102 | @aCN@b130000 | |
| 102 | @aCN@b110000 | |
| 105 | @ay z 000yy | |
| 200 | 1 | @a植物生长调控技术在园艺中的应用@f张英编著@Fzhang ying bian zhu |
| 210 | @c中国轻工@d2009.01 | |
| 210 | @a北京@c中国轻工业出版社 | |
| 215 | @a272页@d20cm | |
| 606 | 0 | @a植物@x灾害@x农药防治 |
| 606 | 0 | @a植物@x灾害@x化学防治 |
| 690 | @aS482.8@v4 | |
| 701 | 0 | @a张英@Azhang ying@4编著 |
| 801 | 0 | @aCN@c20091021 |
| 905 | @a10447@dS482.8@eZ232 | |
| 906 | @d34@n2@r1 | |
| 植物生长调控技术在园艺中的应用/张英编著.-中国轻工,2009.01.-北京:中国轻工业出版社 |
| 272页;20cm |
| ISBN 978-7-5019-6718-6:CNY34.00 |
| ● |
| 相关链接 |
|
|
|
正题名:植物生长调控技术在园艺中的应用
索取号:S482.8/Z232
 
预约/预借
| 序号 | 登录号 | 条形码 | 馆藏地/架位号 | 状态 | 备注 |
| 1 | 896046 | 208960463 | 自科库401/401自科库 67排4列5层/ [索取号:S482.8/Z232] | 在馆 | |
| 2 | 896047 | 208960472 | 自科库401/401自科库 67排4列5层/ [索取号:S482.8/Z232] | 在馆 |